| 000 | 00406 a2200145 4500 | ||
|---|---|---|---|
| 020 | _a0619015268 | ||
| 040 | _aDLC | ||
| 100 | 1 | _aSklar, Joel. | |
| 245 | 1 | 0 |
_aPrinciples of web design _cJoel Sklar. |
| 260 |
_aCambridge, Mass. ; _aSingapore : _bCourse Technology, _cc2000. |
||
| 300 |
_a288 p. : _bill. (some col.) |
||
| 440 | 0 | _aWeb warrior series. | |
| 650 | 0 |
_aWeb sites _xDesign. |
|
| 942 |
_cBK _k005.72 _2ddc |
||
| 999 |
_c9705 _d9705 |
||